000 01333nam0a22003011 4500
001 rc\2283779
005 20110829191822.6
035 _a(NLR Aleph) 006562737
090 _a6861119
_c6861119
100 _a20110829d1976 |||y0rusy50 ca
101 0 _arus
102 _aRU
105 _aa z |||||
200 1 _aУправление инженерной комплектацией полносборных объектов в условиях АСУ
_eУчеб. пособие
_fКандидаты техн. наук Ю.Н. Бирин, С.Н. Петрова
_gМоск. инж.-строит. ин-т им. В.В. Куйбышева
210 _aМосква
_cБ. и.
_d1976
215 _a53 с.
_cсхем.
_d20
320 _aСписок лит.: с. 52 (10 назв.)
606 _aСтроительные организации
_xМатериально-техническое снабжение
_xУправление
_xАвтоматизация
_2psbo
686 _aУ9(2)311-591-21
_2rubbk
700 1 _aБирин
_bЮ. Н.
_gЮлий Николаевич
701 1 _aПетрова
_bС. Н.
_gСветлана Николаевна
801 0 _aRU
_bNLR
_gpsbo
801 1 _aRU
_bELAR
_2rusmarc
852 _aNLR
_j77-4/13589
899 _aRuMoRGB
_jБ 77-54/759
899 _aRuMoRGB
_jБ 77-54/760
942 _cBOOK
980 _aNB